दासता के नए रूप / (Record no. 111404)
[ view plain ]
| 000 -LEADER | |
|---|---|
| fixed length control field | 00939nam a22002537a 4500 |
| 005 - DATE AND TIME OF LATEST TRANSACTION | |
| control field | 20170124102923.0 |
| 010 ## - LIBRARY OF CONGRESS CONTROL NUMBER | |
| LC control number | B-051223 |
| 020 ## - INTERNATIONAL STANDARD BOOK NUMBER | |
| Terms of availability | 110.00 |
| 035 ## - SYSTEM CONTROL NUMBER | |
| System control number | B-051223 |
| 037 ## - SOURCE OF ACQUISITION | |
| Source of stock number/acquisition | Cen Lib/Ret |
| 040 ## - CATALOGING SOURCE | |
| Original cataloging agency | DPL |
| Language of cataloging | HN |
| 082 ## - DEWEY DECIMAL CLASSIFICATION NUMBER | |
| Classification number | उ |
| Item number | गुरूद |
| 100 ## - MAIN ENTRY--PERSONAL NAME | |
| Personal name | गुरुदत्त |
| 9 (RLIN) | 4570 |
| 245 ## - TITLE STATEMENT | |
| Title | दासता के नए रूप / |
| Statement of responsibility, etc | गुरुदत्त |
| 246 ## - VARYING FORM OF TITLE | |
| Title proper/short title | Dassta ke naye roop / |
| Remainder of title | by Gurudatt |
| 260 ## - PUBLICATION, DISTRIBUTION, ETC. (IMPRINT) | |
| Place of publication, distribution, etc | नई दिल्ली |
| Name of publisher, distributor, etc | हिंदी साहित्य सदन |
| Date of publication, distribution, etc | 2001 |
| 270 ## - ADDRESS | |
| Address | १७/१७, पूर्वी पंजाबी बाग |
| City | नई दिल्ली |
| Postal code | 110032 |
| 300 ## - PHYSICAL DESCRIPTION | |
| Extent | 292पृ. |
| Dimensions | 19सेमी(सजिल्द) |
| 650 ## - SUBJECT ADDED ENTRY--TOPICAL TERM | |
| Topical term or geographic name as entry element | हिंदी साहित्य |
| 9 (RLIN) | 42631 |
| 650 ## - SUBJECT ADDED ENTRY--TOPICAL TERM | |
| Topical term or geographic name as entry element | उपन्यास |
| 9 (RLIN) | 42632 |
| 650 ## - SUBJECT ADDED ENTRY--TOPICAL TERM | |
| Topical term or geographic name as entry element | Hindi literature |
| 9 (RLIN) | 42633 |
| 650 ## - SUBJECT ADDED ENTRY--TOPICAL TERM | |
| Topical term or geographic name as entry element | Fiction |
| 9 (RLIN) | 8901 |
| 942 ## - ADDED ENTRY ELEMENTS (KOHA) | |
| Source of classification or shelving scheme | Dewey Decimal Classification |
| Koha item type | Hindi Books |
| Classification part | उ |
| Call number suffix | गुरूद |
| Withdrawn status | Lost status | Damaged status | Not for loan | Home library | Current library | Date acquired | Source of acquisition | Cost, normal purchase price | Total Checkouts | Total Renewals | Full call number | Barcode | Date last seen | Date checked out | Copy number | Cost, replacement price | Price effective from | Koha item type |
|---|---|---|---|---|---|---|---|---|---|---|---|---|---|---|---|---|---|---|
| Central Library | Central Library | 01/08/2015 | Cen Lib/Ret | 110.00 | 4 | 2 | उ गुरूद | B-051223 | 13/11/2019 | 30/10/2019 | 1 | 110.00 | 01/08/2015 | Hindi Books |
